000 00543 a2200193 4500
003 OSt
005 20260307131130.0
008 231201b |||||||| |||| 00| 0 eng d
020 _a9789354821875
040 _coclc
082 _a894.8123
_bBIN/P
100 1 _aBinīṣ, Putuppaṇaṃ
_99967
245 _aPremanagaram /
_cBineesh Puthuppanam
250 _a7th ed.
250 _a33rd ed.
260 _aKottayam:
_bD C Books,
_c2023.
_c2025.
300 _a152p.
942 _2ddc
_cBK
_h894.8123
_iBIN/P
_k894.8123
_mBIN/P
999 _c43907
_d43907